Death of a Salesman : (Record no. 6798)
[ view plain ]
| 000 -LEADER | |
|---|---|
| fixed length control field | 00592nam a22002057a 4500 |
| 003 - CONTROL NUMBER IDENTIFIER | |
| control field | BUBTL |
| 008 - FIXED-LENGTH DATA ELEMENTS--GENERAL INFORMATION | |
| fixed length control field | 221117b ||||| |||| 00| 0 eng d |
| 020 ## - INTERNATIONAL STANDARD BOOK NUMBER | |
| International Standard Book Number | 9788131711507 |
| 082 ## - DEWEY DECIMAL CLASSIFICATION NUMBER | |
| Classification number | 812.52/ M6121d/ 2008 |
| 100 ## - MAIN ENTRY--PERSONAL NAME | |
| 9 (RLIN) | 4911 |
| Personal name | Miller, Arthur |
| 245 ## - TITLE STATEMENT | |
| Title | Death of a Salesman : |
| Statement of responsibility, etc. | Arthur Miller |
| 250 ## - EDITION STATEMENT | |
| Edition statement | 1st Edn. |
| 260 ## - PUBLICATION, DISTRIBUTION, ETC. (IMPRINT) | |
| Place of publication, distribution, etc. | New Delhi |
| Name of publisher, distributor, etc. | Pearson |
| Date of publication, distribution, etc. | c2008 |
| 300 ## - PHYSICAL DESCRIPTION | |
| Extent | 112 p.: |
| Dimensions | 20 cm |
| 505 ## - FORMATTED CONTENTS NOTE | |
| Formatted contents note | Death of Salesman, Arthur Miller |
| 650 #0 - SUBJECT ADDED ENTRY--TOPICAL TERM | |
| 9 (RLIN) | 1994 |
| Topical term or geographic name as entry element | English Literature |
| 856 ## - ELECTRONIC LOCATION AND ACCESS | |
| Password | 0 |
| Logon | 0 |
| Link text | Download |
| 942 ## - ADDED ENTRY ELEMENTS (KOHA) | |
| Source of classification or shelving scheme | |
| Koha item type | Books |
| Withdrawn status | Lost status | Source of classification or shelving scheme | Damaged status | Not for loan | Collection code | Permanent location | Current location | Shelving location | Date acquired | Source of acquisition | Inventory number | Total Checkouts | Full call number | Barcode | Date last seen | Copy number | Price effective from | Koha item type | Date last checked out |
|---|---|---|---|---|---|---|---|---|---|---|---|---|---|---|---|---|---|---|---|
| Fiction | Bangladesh University of Business and Technology Library | Bangladesh University of Business and Technology Library | English Literature Stacks | 11/03/2022 | Purchase | 29022 | 812.52/ M6121d | BUBTL-200329022 | 11/17/2022 | C-1 | 11/17/2022 | Books | |||||||
| Fiction | Bangladesh University of Business and Technology Library | Bangladesh University of Business and Technology Library | English Literature Stacks | 11/03/2022 | Purchase | 29023 | 812.52/ M6121d | BUBTL-200329023 | 11/17/2022 | C-2 | 11/17/2022 | Books | |||||||
| Fiction | Bangladesh University of Business and Technology Library | Bangladesh University of Business and Technology Library | English Literature Stacks | 11/03/2022 | Purchase | 29024 | 812.52/ M6121d | BUBTL-200329024 | 11/17/2022 | C-3 | 11/17/2022 | Books | |||||||
| Non-fiction | Bangladesh University of Business and Technology Library | Bangladesh University of Business and Technology Library | English Literature Stacks | 04/19/2017 | Purchase | 23891 | 2 | 812.52/ M6121d/ 2008 | BUBTL-200323891 | 03/14/2024 | C-4 | 11/28/2022 | Books | 03/09/2024 | |||||
| Non-fiction | Bangladesh University of Business and Technology Library | Bangladesh University of Business and Technology Library | English Literature Stacks | 04/19/2017 | Purchase | 23893 | 812.52/ M6121d/ 2008 | BUBTL-200323893 | 11/28/2022 | C-5 | 11/28/2022 | Books | |||||||
| Non-fiction | Bangladesh University of Business and Technology Library | Bangladesh University of Business and Technology Library | English Literature Stacks | 04/19/2017 | Purchase | 23894 | 812.52/ M6121d/ 2008 | BUBTL-200323894 | 11/28/2022 | C-6 | 11/28/2022 | Books | |||||||
| Not For Loan | Non-fiction | Bangladesh University of Business and Technology Library | Bangladesh University of Business and Technology Library | English Literature Stacks | 04/19/2017 | Purchase | 23895 | 812.52/ M6121d/ 2008 | BUBTL-200323895 | 11/28/2022 | C-7 | 11/28/2022 | Books | ||||||
| Non-fiction | Bangladesh University of Business and Technology Library | Bangladesh University of Business and Technology Library | English Literature Stacks | 04/19/2017 | Purchase | 23892 | 1 | 812.52/ M6121d/ 2008 | BUBTL-200323892 | 08/02/2023 | C-8 | 12/28/2022 | Books | 07/20/2023 |
